000 00841nam a2200241 u 4500
005 20240924070826.0
008 100218s1997 es r 000 0 spa d
020 _a8449305055
035 _aUPN01000174841
049 _aCG
050 4 _aBF311
_bG7.3
100 1 _aGreenspan, Stanley I.
_934149
245 1 3 _aEl crecimiento de la mente :
_by los ambiguos orígenes de la inteligencia /
_cStanley I. Greenspan, Beryl Lieff Benderly ; tr. Ernesto Thielen.
260 _aBarcelona, Esp. :
_bPaidós,
_c1997.
300 _a401 p.
440 0 _aTransiciones ;
_v8
534 _pTítulo original:
_tThe growth of the mind and the endangered origins of intelligence
650 4 _aEMOCIONES Y COGNICION
650 4 _aInteligencia
_9939
650 2 _aCognición en niños
_94094
700 1 _aBenderly, Beryl Lieff,
_ecoaut.
905 _aLibro
999 _c146945
_d146945